Modern Approach to Verbal And Non Verbal Reasoning (Record no. 60901)
[ view plain ]
| 000 -LEADER | |
|---|---|
| fixed length control field | 00474nam a22001817a 4500 |
| 005 - DATE & TIME | |
| control field | 20260527155626.0 |
| 008 - FIXED-LENGTH DATA ELEMENTS--GENERAL INFORMATION | |
| fixed length control field | 260527b |||||||| |||| 00| 0 eng d |
| 020 ## - ISBN | |
| International Standard Book Number | 9789364685979 |
| Price | 899.00 |
| 040 ## - CATALOGING SOURCE | |
| Original cataloging agency | Doon University |
| 041 ## - Language | |
| Language | English |
| 082 ## - DDC NUMBER | |
| Book Number | AGG |
| Classification number | 153.93 |
| 100 ## - MAIN ENTRY--PERSONAL NAME | |
| Personal name | Aggarwal, R.S. |
| 245 ## - TITLE STATEMENT | |
| Title | Modern Approach to Verbal And Non Verbal Reasoning |
| 260 ## - PUBLICATION, DISTRIBUTION, ETC. (IMPRINT) | |
| Place of publication, distribution, etc | Uttar Pradesh |
| Name of publisher, distributor, etc | S. Chand |
| Date of publication, distribution, etc | 2025 |
| 300 ## - PHYSICAL DESCRIPTION | |
| Pages | V.P. |
| 650 ## - Subject | |
| Subject | Competitive Books |
| 942 ## - ADDED ENTRY ELEMENTS (KOHA) | |
| Koha item type | Books |
| 100 ## - MAIN ENTRY--PERSONAL NAME | |
| -- | 126 |
| 952 ## - LOCATION AND ITEM INFORMATION (KOHA) | |
| -- | 2026-05-27 |
| Withdrawn status | Lost status | Source of classification or shelving scheme | Damaged status | Not for loan | Location (home branch) | Sublocation or collection (holding branch) | Date acquired | Koha full call number | Accession No. | Koha date last seen | Koha item type |
|---|---|---|---|---|---|---|---|---|---|---|---|
| Doon University | Doon University | 27.05.2026 | 153.93 AGG | CB863 | 27.05.2026 | Books |